[Event "4NCL 3 South pool B"]
[Site "Reading, ENG"]
[Date "2016.11.26"]
[Round "1.73"]
[White "Birkin, Mark H"]
[Black "Graham, Cassie M"]
[Result "1-0"]
[WhiteElo "2050"]
[BlackElo "1811"]
[PlyCount "55"]
[EventDate "2016.11.26"]
[WhiteTeam "Leeds University Old Boys"]
[BlackTeam "Sussex Martlets 2"]

1. e4 c5 2. Be2 d6 3. f4 Nc6 4. Nf3 g6 5. O-O Bg7 6. Qe1 e6 7. Nc3 Nb4 8. Bd1
Ne7 9. a3 Na6 10. e5 Nc6 11. Kh1 O-O 12. d3 Nc7 13. Ne4 dxe5 14. fxe5 Nxe5 15.
Bg5 f6 16. Nxe5 fxg5 17. Nc4 b6 18. Rxf8+ Bxf8 19. Qg3 Bb7 20. Nxg5 Be7 21. Nf3
Bd5 22. Nfe5 b5 23. Nxg6 hxg6 24. Qxg6+ Kh8 25. Ne5 Bxg2+ 26. Qxg2 Qd4 27. Nf7+
Kh7 28. Bf3 1-0

[Event "4NCL 3 South pool B"]
[Site "Reading, ENG"]
[Date "2016.11.26"]
[Round "1.74"]
[White "Graham, William M"]
[Black "Taylor, Mark V"]
[Result "1-0"]
[WhiteElo "1808"]
[BlackElo "2018"]
[PlyCount "97"]
[EventDate "2016.11.26"]
[WhiteTeam "Sussex Martlets 2"]
[BlackTeam "Leeds University Old Boys"]

1. c4 b6 2. g3 Bb7 3. Nf3 c5 4. Bg2 Nf6 5. O-O e6 6. d3 Be7 7. Nc3 O-O 8. e4 d6
9. h3 Nbd7 10. Be3 a6 11. Rb1 Qc7 12. Qe2 Rfe8 13. Rfc1 Rac8 14. Nd2 Ba8 15. b4
cxb4 16. Rxb4 d5 17. Rbb1 Ba3 18. Rc2 dxe4 19. dxe4 Bc5 20. f4 Bxe3+ 21. Qxe3
Nc5 22. e5 Bxg2 23. Kxg2 Nfd7 24. Nce4 Nxe4 25. Nxe4 Qc6 26. Kh2 Rb8 27. Rd1
Nc5 28. Nd6 Rf8 29. Rcd2 h6 30. f5 exf5 31. Nxf5 Qe6 32. Rf2 f6 33. Rd5 Rbe8
34. Nd6 Re7 35. Qf4 Nb7 36. Nf5 Rd7 37. Qg4 Kh7 38. Rxd7 Qxd7 39. e6 Qc7 40. e7
Rg8 41. Qxg7+ Rxg7 42. e8=Q Nd6 43. Qh5 Rg6 44. Nh4 Rg5 45. Qf3 f5 46. Qd3 Ne4
47. Rxf5 Rxg3 48. Qxe4 Rg4+ 49. Rf4+ 1-0

[Event "4NCL 3 South pool B"]
[Site "Reading, ENG"]
[Date "2016.11.26"]
[Round "1.75"]
[White "Deighton, Simon"]
[Black "Blake, J Morgan"]
[Result "0-1"]
[WhiteElo "2027"]
[BlackElo "1784"]
[PlyCount "102"]
[EventDate "2016.11.26"]
[WhiteTeam "Leeds University Old Boys"]
[BlackTeam "Sussex Martlets 2"]

1. d4 d5 2. c4 e6 3. Nc3 Nf6 4. cxd5 exd5 5. Bg5 Be7 6. e3 c6 7. Qc2 O-O 8. Bd3
Nbd7 9. Nge2 Re8 10. O-O Nf8 11. f3 Ng6 12. Rad1 Qa5 13. Kh1 Ng4 14. Bxg6 hxg6
15. Bf4 Nf6 16. Ng3 Qd8 17. Qd2 Nh5 18. Nxh5 gxh5 19. e4 Bb4 20. Rde1 Be6 21.
a3 Bxc3 22. Qxc3 dxe4 23. fxe4 Qb6 24. Qg3 Bc4 25. Be5 Rxe5 26. Qxe5 Bxf1 27.
Rxf1 Qxb2 28. Qxh5 Rf8 29. d5 Qxa3 30. h3 cxd5 31. exd5 Qd6 32. Qf5 g6 33. Qg5
Kg7 34. Rd1 Rd8 35. Rd4 Qf6 36. Qd2 Rd6 37. Rd3 Qa1+ 38. Kh2 Qe5+ 39. g3 a5 40.
Kg1 a4 41. Qa5 b6 42. Qd2 b5 43. Kf1 Rf6+ 44. Kg2 Rd6 45. h4 Qe4+ 46. Kh2 Qe5
47. Kh3 a3 48. Rxa3 Rxd5 49. Qa5 Qf5+ 50. Kg2 Qe4+ 51. Kh2 b4 0-1

[Event "4NCL 3 South pool B"]
[Site "Reading, ENG"]
[Date "2016.11.26"]
[Round "1.76"]
[White "Finn, Thomas"]
[Black "Clark, William G Bill"]
[Result "0-1"]
[WhiteElo "1724"]
[BlackElo "1982"]
[PlyCount "80"]
[EventDate "2016.11.26"]
[WhiteTeam "Sussex Martlets 2"]
[BlackTeam "Leeds University Old Boys"]

1. Nc3 c5 2. e4 Nc6 3. f4 g6 4. Nf3 Bg7 5. Bc4 e6 6. d3 Nge7 7. O-O O-O 8. Bb3
d5 9. Re1 a6 10. Na4 b6 11. c4 d4 12. Bc2 e5 13. b3 Bg4 14. h3 Bxf3 15. Qxf3
exf4 16. Bxf4 Ne5 17. Qg3 N7c6 18. Rad1 h6 19. Nb2 g5 20. Bd2 Ng6 21. Rf1 Be5
22. Qg4 Qd6 23. Rf2 f6 24. Rdf1 Bg3 25. Rf5 Be5 26. R5f2 Nh4 27. Bd1 Kg7 28.
Be1 Ne7 29. Rc2 Nhg6 30. Rf3 Rae8 31. g3 Rh8 32. Qh5 Ref8 33. Rg2 f5 34. exf5
Nxf5 35. Bf2 Ne3 36. Bxe3 dxe3 37. Qg4 Rxf3 38. Bxf3 Bd4 39. Kh2 Rf8 40. Qe4
Nh4 0-1

[Event "4NCL 3 South pool B"]
[Site "Reading, ENG"]
[Date "2016.11.26"]
[Round "1.81"]
[White "Peters, Alexander John"]
[Black "Moloney, Nicholas R"]
[Result "0-1"]
[WhiteElo "2006"]
[BlackElo "2169"]
[PlyCount "76"]
[EventDate "2016.11.26"]
[WhiteTeam "Iceni 1"]
[BlackTeam "Fermented Sharks"]

1. e4 c5 2. Nf3 Nc6 3. Bb5 e6 4. O-O Nge7 5. Re1 a6 6. Bf1 b5 7. d4 Nxd4 8.
Nxd4 cxd4 9. Qxd4 Nc6 10. Qd1 Qc7 11. g3 Bb7 12. Nc3 Bb4 13. Bd2 O-O 14. a3 Bc5
15. Bf4 d6 16. Qh5 Nd4 17. Bd3 g6 18. Qd1 f5 19. Be3 fxe4 20. Bxe4 Nf3+ 21.
Bxf3 Rxf3 22. Bxc5 Qxc5 23. Qe2 e5 24. Ne4 Bxe4 25. Qxe4 Raf8 26. Rad1 Rxf2 27.
Qd5+ Qxd5 28. Rxd5 Rxc2 29. Rxd6 Rff2 30. Rxe5 Rg2+ 31. Kh1 Rxh2+ 32. Kg1 Rcg2+
33. Kf1 Rxb2 34. Kg1 Rhd2 35. Re8+ Kg7 36. Re7+ Kh6 37. Rxd2 Rxd2 38. Ra7 Ra2
0-1

[Event "4NCL 3 South pool B"]
[Site "Reading, ENG"]
[Date "2016.11.26"]
[Round "1.82"]
[White "Farkas, Daniel"]
[Black "Dickson, George"]
[Result "1/2-1/2"]
[WhiteElo "2082"]
[BlackElo "2007"]
[PlyCount "127"]
[EventDate "2016.11.26"]
[WhiteTeam "Fermented Sharks"]
[BlackTeam "Iceni 1"]

1. d4 Nf6 2. Bf4 g6 3. e3 Bg7 4. Nf3 O-O 5. Be2 d6 6. h3 Nbd7 7. O-O c5 8. c3
b6 9. Nbd2 Bb7 10. a4 Nd5 11. Bg3 e5 12. Nc4 Qe7 13. Re1 Rfc8 14. Qb3 Nc7 15.
Rad1 Ne8 16. dxe5 Nxe5 17. Nfxe5 d5 18. Nf3 dxc4 19. Qxc4 Rd8 20. Bh4 Bf6 21.
Bxf6 Qxf6 22. Qh4 Qxh4 23. Nxh4 Rab8 24. Nf3 Bc6 25. Rxd8 Rxd8 26. Rd1 Rd6 27.
b3 Bd5 28. Bb5 Bxf3 29. Rxd6 Nxd6 30. gxf3 a5 31. Bc6 Kf8 32. Kf1 Ke7 33. f4
Nf5 34. Ke2 Kd6 35. Be4 Ng7 36. Kd3 f5 37. Bf3 Ne8 38. Kc4 Nc7 39. Bg2 h6 40.
Bf3 Ne8 41. Bb7 Kc7 42. Bd5 Nd6+ 43. Kd3 Kd7 44. f3 Nc8 45. Bf7 g5 46. fxg5
hxg5 47. Bc4 Ke7 48. e4 Kf6 49. Bd5 Ke5 50. Bc6 f4 51. Bd5 Nd6 52. Bg8 Nc8 53.
b4 Nd6 54. bxc5 bxc5 55. Bd5 Kf6 56. Ke2 Ke5 57. Kf2 Nc8 58. Bc6 Nd6 59. Bd5
Nc8 60. Bc4 Ne7 61. Bb5 Nc8 62. Kg2 Nd6 63. Bd3 Kf6 64. Ba6 1/2-1/2

[Event "4NCL 3 South pool B"]
[Site "Reading, ENG"]
[Date "2016.11.26"]
[Round "1.83"]
[White "Ruthen, Stephen W"]
[Black "Agnew, Alan"]
[Result "0-1"]
[WhiteElo "2015"]
[BlackElo "2084"]
[PlyCount "56"]
[EventDate "2016.11.26"]
[WhiteTeam "Iceni 1"]
[BlackTeam "Fermented Sharks"]

1. c4 d6 2. g3 e5 3. Bg2 g6 4. Nc3 Bg7 5. e4 Nc6 6. Nge2 f5 7. d3 Nf6 8. O-O
O-O 9. Nd5 h6 10. Be3 Ng4 11. Bd2 g5 12. f3 Nf6 13. Be3 f4 14. Bf2 Ne7 15. Rc1
c5 16. b4 Nexd5 17. cxd5 b6 18. Qb3 Qe8 19. gxf4 gxf4 20. Kh1 Ng4 21. Bg1 Ne3
22. Bxe3 fxe3 23. f4 exf4 24. Rxf4 Rxf4 25. Nxf4 Be5 26. Rf1 e2 27. Nxe2 Qh5
28. Nf4 Qh4 0-1

[Event "4NCL 3 South pool B"]
[Site "Reading, ENG"]
[Date "2016.11.26"]
[Round "1.84"]
[White "Niccoli, Tony"]
[Black "Calvert, D Ian"]
[Result "0-1"]
[WhiteElo "2064"]
[BlackElo "1934"]
[PlyCount "78"]
[EventDate "2016.11.26"]
[WhiteTeam "Fermented Sharks"]
[BlackTeam "Iceni 1"]

1. e4 d5 2. exd5 Qxd5 3. Nc3 Qd6 4. d4 Nf6 5. Nf3 a6 6. g3 Bg4 7. Bg2 Nc6 8.
O-O O-O-O 9. d5 Ne5 10. Bf4 Bxf3 11. Bxf3 Nxf3+ 12. Qxf3 e5 13. dxe6 Qxe6 14.
Bg5 Bd6 15. Rae1 Be5 16. Na4 Rhe8 17. Nc5 Qd5 18. Qxd5 Rxd5 19. Bxf6 gxf6 20.
Nd3 Re6 21. Re4 Bd6 22. Rg4 h5 23. Rg7 Re7 24. Rc1 c5 25. Kf1 c4 26. Nf4 Bxf4
27. gxf4 Rd2 28. Kg2 Ree2 29. Rxf7 Rxf2+ 30. Kg3 Rxh2 31. Rxf6 Rxc2 32. Re1
Rhe2 33. Rxe2 Rxe2 34. Rb6 Kc7 35. Rb4 b5 36. a4 Kc6 37. f5 Kc5 38. f6 Re8 39.
axb5 axb5 0-1

[Event "4NCL 3 South pool B"]
[Site "Reading, ENG"]
[Date "2016.11.26"]
[Round "1.85"]
[White "Feavyour, John A"]
[Black "Millward, Kevin P"]
[Result "0-1"]
[WhiteElo "1963"]
[BlackElo "2021"]
[PlyCount "102"]
[EventDate "2016.11.26"]
[WhiteTeam "Iceni 1"]
[BlackTeam "Fermented Sharks"]

1. d4 d6 2. c4 g6 3. Nc3 Bg7 4. e4 e5 5. dxe5 dxe5 6. Qxd8+ Kxd8 7. Nf3 c6 8.
Be3 Kc7 9. Rd1 f6 10. Be2 Nh6 11. O-O Be6 12. h3 Nf7 13. b4 Rd8 14. Rxd8 Kxd8
15. Rd1+ Kc7 16. Nd2 Bh6 17. Bxh6 Nxh6 18. c5 Nd7 19. Nc4 Nf7 20. Nd6 Rd8 21.
Bc4 Bxc4 22. Nxc4 Nf8 23. Rxd8 Kxd8 24. f3 Ne6 25. Ne2 Kc7 26. Kf2 b6 27. cxb6+
axb6 28. Ke3 b5 29. Nd2 Nd6 30. Kd3 Kb6 31. Kc3 h5 32. h4 c5 33. bxc5+ Nxc5 34.
Nc1 f5 35. Ncb3 Ne6 36. g3 fxe4 37. fxe4 g5 38. hxg5 Nxg5 39. Kd3 Kc6 40. Ke3
Kb6 41. Kd3 Kc6 42. Ke3 Nc4+ 43. Nxc4 bxc4 44. Nc1 Kb5 45. Ne2 Kb4 46. Nf4
exf4+ 47. gxf4 Nf7 48. e5 h4 49. e6 Nd6 50. Kd4 h3 51. Kd5 Ne8 0-1

[Event "4NCL 3 South pool B"]
[Site "Reading, ENG"]
[Date "2016.11.26"]
[Round "1.86"]
[White "Dydak, Mateusz"]
[Black "Botham, C Paul"]
[Result "0-1"]
[WhiteElo "1847"]
[BlackElo "1973"]
[PlyCount "120"]
[EventDate "2016.11.26"]
[WhiteTeam "Fermented Sharks"]
[BlackTeam "Iceni 1"]

1. f4 Nf6 2. Nf3 d5 3. g3 g6 4. Bg2 Bg7 5. O-O O-O 6. d3 c5 7. Nc3 Nc6 8. Ne5
Nb8 9. Qe1 e6 10. e4 d4 11. Ne2 Nbd7 12. Nf3 Qc7 13. Nh4 e5 14. f5 b5 15. Bd2
Bb7 16. h3 Rfc8 17. g4 c4 18. Rc1 Nb6 19. Qf2 cxd3 20. cxd3 Qd7 21. Nf3 Ne8 22.
Qh4 Rxc1 23. Bxc1 Qd8 24. fxg6 fxg6 25. Bg5 Qd7 26. Bh6 Nd6 27. Bxg7 Qxg7 28.
Qg3 Nf7 29. h4 Rc8 30. Rc1 Rxc1+ 31. Nxc1 Qf6 32. g5 Qc6 33. Nb3 Bc8 34. Qf2
Na4 35. Qd2 Be6 36. Kh2 Kg7 37. Kg3 Qc7 38. Nh2 h5 39. Qf2 Qe7 40. Nf3 Bg4 41.
Qc2 Qd7 42. Nfd2 Qc8 43. Qb1 Nd6 44. Nf3 Nf7 45. Ng1 Nd8 46. Nf3 Bxf3 47. Bxf3
Ne6 48. Qf1 Qf8 49. Qh3 Qf4+ 50. Kg2 Kf7 51. Na5 Qd2+ 52. Kh1 Qxa5 53. Bxh5
Qe1+ 54. Kh2 Qf2+ 55. Kh1 gxh5 56. g6+ Ke7 57. g7 Qf7 58. g8=N+ Qxg8 59. Qf5
Qg7 60. Qxh5 Nf4 0-1

[Event "4NCL 3 South pool B"]
[Site "Reading, ENG"]
[Date "2016.11.27"]
[Round "2.51"]
[White "Miller, Dominic"]
[Black "Britton, Richard L"]
[Result "1/2-1/2"]
[WhiteElo "1953"]
[BlackElo "2134"]
[PlyCount "89"]
[EventDate "2016.11.27"]
[WhiteTeam "Sussex Martlets 2"]
[BlackTeam "Hackney "]

1. e4 c5 2. Nf3 d6 3. d4 cxd4 4. Nxd4 Nf6 5. Nc3 a6 6. Bg5 e6 7. f4 Be7 8. Qf3
Qc7 9. O-O-O Nbd7 10. g4 b5 11. Bxf6 Nxf6 12. g5 Nd7 13. f5 Bxg5+ 14. Kb1 Ne5
15. Qh5 Qd8 16. h4 Bf6 17. fxe6 O-O 18. Bh3 g6 19. Qh6 Bg7 20. Qc1 Re8 21.
exf7+ Nxf7 22. Qd2 Bxh3 23. Rxh3 b4 24. Nce2 Rxe4 25. Qxb4 Rxh4 26. Rxh4 Qxh4
27. a3 Qe4 28. Qc4 h5 29. Rf1 d5 30. Qc6 Rf8 31. Rf4 Qg2 32. Ne6 Qxe2 33. Nxf8
Kxf8 34. Qxg6 Qe7 35. Qxh5 Qe6 36. Qf3 Kg8 37. Rf5 Ne5 38. Qh5 a5 39. Rg5 a4
40. Qh1 Kf7 41. Qh5+ Kg8 42. Qh4 Qf6 43. Rh5 Qf1+ 44. Ka2 Qc4+ 45. Qxc4 1/2-1/2

[Event "4NCL 3 South pool B"]
[Site "Reading, ENG"]
[Date "2016.11.27"]
[Round "2.52"]
[White "Walker, Nicholas P"]
[Black "Forster, Matthew"]
[Result "1/2-1/2"]
[WhiteElo "2170"]
[BlackElo "1802"]
[PlyCount "76"]
[EventDate "2016.11.27"]
[WhiteTeam "Hackney "]
[BlackTeam "Sussex Martlets 2"]

1. d4 d5 2. c4 dxc4 3. Nf3 c6 4. a4 Nf6 5. e3 Be6 6. Na3 g6 7. Bxc4 Bxc4 8.
Nxc4 Bg7 9. O-O O-O 10. b4 Qd5 11. Qd3 Nbd7 12. Ncd2 Rfd8 13. e4 Qh5 14. b5 c5
15. Bb2 cxd4 16. Bxd4 Nc5 17. Qc2 Rac8 18. Rac1 b6 19. Rfd1 h6 20. a5 Kh7 21.
axb6 axb6 22. Qa2 Ne6 23. Bxb6 Ra8 24. Qb3 Rdb8 25. Rc6 Nd7 26. Nc4 Nxb6 27.
Rxb6 Rxb6 28. Nxb6 Rb8 29. Nd5 Qg4 30. Re1 Ng5 31. Nxg5+ Qxg5 32. g3 e6 33. f4
Qd8 34. Ne3 Qa5 35. Rb1 Bd4 36. Kf2 Rc8 37. Re1 Rc3 38. Qd1 Bxe3+ 1/2-1/2

[Event "4NCL 3 South pool B"]
[Site "Reading, ENG"]
[Date "2016.11.27"]
[Round "2.53"]
[White "Graham, Cassie M"]
[Black "Chin, F."]
[Result "1-0"]
[WhiteElo "1811"]
[BlackElo "2139"]
[PlyCount "75"]
[EventDate "2016.11.27"]
[WhiteTeam "Sussex Martlets 2"]
[BlackTeam "Hackney "]

1. e4 e6 2. d3 c5 3. Nf3 Nc6 4. g3 g6 5. Bg2 Bg7 6. O-O Nge7 7. Nbd2 d6 8. Re1
O-O 9. h4 e5 10. Nf1 h6 11. c3 Be6 12. Bd2 Qd7 13. Qc1 Kh7 14. N3h2 Bh3 15.
Bxh3 Qxh3 16. Ne3 f5 17. Ng2 Rf7 18. f4 fxe4 19. dxe4 Qd7 20. Rf1 Raf8 21. Qd1
d5 22. Qe2 dxe4 23. Rad1 Qd3 24. Qf2 Rd8 25. Be3 Qxd1 26. Rxd1 Rxd1+ 27. Nf1 b6
28. Qc2 Rd8 29. Qxe4 Nd5 30. h5 Nce7 31. Nh4 Kg8 32. hxg6 Rff8 33. f5 Rd6 34.
g4 Rfd8 35. Nf3 Nc6 36. g5 Nxe3 37. Qxe3 Rd3 38. Qe4 1-0

[Event "4NCL 3 South pool B"]
[Site "Reading, ENG"]
[Date "2016.11.27"]
[Round "2.54"]
[White "Vives, Pepe"]
[Black "Graham, William M"]
[Result "0-1"]
[WhiteElo "1954"]
[BlackElo "1808"]
[PlyCount "74"]
[EventDate "2016.11.27"]
[WhiteTeam "Hackney "]
[BlackTeam "Sussex Martlets 2"]

1. e4 e6 2. d4 d5 3. Nc3 Nf6 4. e5 Nfd7 5. Nce2 c5 6. c3 Nc6 7. f4 Qb6 8. Nf3
Be7 9. g3 O-O 10. Bh3 Nd8 11. O-O f6 12. Kh1 Nb8 13. Qc2 Nbc6 14. a3 a5 15. Be3
a4 16. Rac1 Bd7 17. exf6 gxf6 18. Bg1 Nf7 19. dxc5 Bxc5 20. Ned4 Rae8 21. Rce1
Ncd8 22. Re2 Nd6 23. Rfe1 Ne4 24. c4 Bxd4 25. Nxd4 Qd6 26. cxd5 exd5 27. Bxd7
Qxd7 28. f5 Re7 29. Rc1 Rfe8 30. Kg2 Nf7 31. Ne6 Nfd6 32. g4 h5 33. h3 Kf7 34.
Be3 hxg4 35. hxg4 Rg8 36. Kf3 Nxf5 37. Nf4 Nh4# 0-1

[Event "4NCL 3 South pool B"]
[Site "Reading, ENG"]
[Date "2016.11.27"]
[Round "2.55"]
[White "Blake, J Morgan"]
[Black "Polat, Zeynel"]
[Result "1-0"]
[WhiteElo "1784"]
[BlackElo "1802"]
[PlyCount "55"]
[EventDate "2016.11.27"]
[WhiteTeam "Sussex Martlets 2"]
[BlackTeam "Hackney "]

1. e4 e6 2. d4 d5 3. Nc3 Bb4 4. e5 c5 5. a3 cxd4 6. axb4 dxc3 7. Qg4 cxb2 8.
Bxb2 Ne7 9. Bd3 O-O 10. h4 Nf5 11. Nh3 Nd7 12. O-O-O Nb6 13. Nf4 Na4 14. Nh5 g6
15. Nf6+ Kg7 16. Bxf5 exf5 17. Qf4 Nxb2 18. h5 Rh8 19. Rxd5 Qc7 20. hxg6 fxg6
21. Rxh7+ Rxh7 22. Ne8+ Kg8 23. Nxc7 Rxc7 24. Rd8+ Kg7 25. Kxb2 a5 26. e6 Re7
27. Qe5+ Kh6 28. Qf6 1-0

[Event "4NCL 3 South pool B"]
[Site "Reading, ENG"]
[Date "2016.11.27"]
[Round "2.56"]
[White "Burgoyne, Peter A"]
[Black "Finn, Thomas"]
[Result "0-1"]
[WhiteElo "1710"]
[BlackElo "1724"]
[PlyCount "56"]
[EventDate "2016.11.27"]
[WhiteTeam "Hackney "]
[BlackTeam "Sussex Martlets 2"]

1. e4 e5 2. Nf3 Nc6 3. d4 exd4 4. c3 d5 5. exd5 Qxd5 6. cxd4 Bg4 7. Be2 O-O-O
8. Nc3 Qd7 9. d5 Nb4 10. O-O Nxd5 11. Nxd5 Qxd5 12. Qa4 Nf6 13. Rd1 Qe4 14.
Rxd8+ Kxd8 15. Qd1+ Bd6 16. Be3 Qd5 17. Qa4 a6 18. Rd1 Qh5 19. Bf4 Bd7 20. Qd4
Bxf4 21. Qxf4 Re8 22. Bd3 Kc8 23. Rc1 Nd5 24. Qd4 Qh6 25. Rd1 Be6 26. Qa7 Bg4
27. Bxa6 Qxa6 28. Qd4 Bxf3 0-1

[Event "4NCL 3 South pool B"]
[Site "Reading, ENG"]
[Date "2016.11.27"]
[Round "2.61"]
[White "Tozer, Philip A A"]
[Black "Hall, John"]
[Result "1/2-1/2"]
[WhiteElo "2143"]
[BlackElo "2200"]
[PlyCount "59"]
[EventDate "2016.11.27"]
[WhiteTeam "Anglian Avengers 2"]
[BlackTeam "Leeds University Old Boys"]

1. c4 Nf6 2. g3 e5 3. Bg2 c6 4. d4 exd4 5. Qxd4 d5 6. Nf3 Be6 7. O-O dxc4 8.
Qxd8+ Kxd8 9. Ng5 Nbd7 10. Nxe6+ fxe6 11. Bh3 Nc5 12. Nd2 b5 13. Nf3 Bd6 14.
Nd4 Kc7 15. Bd2 a5 16. Rfd1 g6 17. Bxe6 Nxe6 18. Nxe6+ Kd7 19. Nd4 Rhe8 20. a4
Re5 21. axb5 cxb5 22. Bf4 Rd5 23. Bxd6 Kxd6 24. Nxb5+ Kc5 25. Rxd5+ Nxd5 26.
Nc3 Nxc3 27. bxc3 a4 28. Ra3 Kb5 29. Kf1 Ka5 30. Ke1 1/2-1/2

[Event "4NCL 3 South pool B"]
[Site "Reading, ENG"]
[Date "2016.11.27"]
[Round "2.62"]
[White "Pickard, Charles"]
[Black "Wallis, Ian J"]
[Result "1/2-1/2"]
[WhiteElo "2215"]
[BlackElo "2102"]
[PlyCount "99"]
[EventDate "2016.11.27"]
[WhiteTeam "Leeds University Old Boys"]
[BlackTeam "Anglian Avengers 2"]

1. d4 Nf6 2. Nf3 g6 3. c4 Bg7 4. g3 O-O 5. Bg2 d6 6. O-O Nbd7 7. Nc3 e5 8. e4
c6 9. Rb1 exd4 10. Nxd4 Qb6 11. Nde2 Ne5 12. b3 Bg4 13. Be3 Bxe2 14. Qxe2 Qc7
15. h3 Rfd8 16. Rbd1 Nfd7 17. Qd2 Qa5 18. Ne2 Qxd2 19. Rxd2 Nb6 20. f4 Ned7 21.
Rxd6 Bf8 22. Rdd1 Nc5 23. e5 Be7 24. Nc3 Kf8 25. Ne4 Nxe4 26. Bxe4 Nd7 27. Kf2
Nc5 28. Kf3 Ke8 29. h4 a5 30. h5 a4 31. hxg6 hxg6 32. Rxd8+ Kxd8 33. f5 gxf5
34. Bxf5 axb3 35. Rh1 Kc7 36. axb3 Ra3 37. Bxc5 Bxc5 38. Rb1 b5 39. cxb5 cxb5
40. Be4 Ra2 41. Rf1 Bd4 42. Kf4 f6 43. exf6 Bxf6 44. Rc1+ Kd8 45. Rc6 Be7 46.
g4 Kd7 47. Rb6 Bd6+ 48. Kf5 Rf2+ 49. Kg6 b4 50. Rb5 1/2-1/2

[Event "4NCL 3 South pool B"]
[Site "Reading, ENG"]
[Date "2016.11.27"]
[Round "2.63"]
[White "Munson, Shaun D"]
[Black "Birkin, Mark H"]
[Result "0-1"]
[WhiteElo "2167"]
[BlackElo "2050"]
[PlyCount "74"]
[EventDate "2016.11.27"]
[WhiteTeam "Anglian Avengers 2"]
[BlackTeam "Leeds University Old Boys"]

1. d4 e6 2. Nc3 d5 3. Nf3 Nf6 4. Bg5 Be7 5. Bxf6 Bxf6 6. e4 O-O 7. Qd2 c5 8.
O-O-O cxd4 9. Nxd4 Nc6 10. Nxc6 bxc6 11. f4 Qa5 12. e5 Be7 13. h4 Rb8 14. Nb1
Qxa2 15. c3 Rb3 16. Qc2 Bc5 17. Rh3 Bd7 18. Bc4 dxc4 19. Rxd7 Rfb8 20. Rd2 a5
21. Rg3 a4 22. f5 exf5 23. Qxf5 Bf8 24. Rf3 R3b7 25. e6 f6 26. Re3 Rxb2 27. Kd1
Qxb1+ 28. Qxb1 Rxb1+ 29. Ke2 R1b2 30. Rxb2 Rxb2+ 31. Kf3 Rb7 32. Re4 Ra7 33.
Rd4 a3 34. Rd1 a2 35. Ra1 Bd6 36. Ke3 Be5 37. Kd2 Kf8 0-1

[Event "4NCL 3 South pool B"]
[Site "Reading, ENG"]
[Date "2016.11.27"]
[Round "2.64"]
[White "Taylor, Mark V"]
[Black "Moore, Geoffrey R"]
[Result "1/2-1/2"]
[WhiteElo "2018"]
[BlackElo "2080"]
[PlyCount "123"]
[EventDate "2016.11.27"]
[WhiteTeam "Leeds University Old Boys"]
[BlackTeam "Anglian Avengers 2"]

1. d4 Nf6 2. c4 g6 3. Nc3 Bg7 4. e4 d6 5. Nf3 O-O 6. h3 e5 7. d5 a5 8. Be2 Na6
9. Bg5 Qe8 10. Nd2 Nd7 11. g4 Ndc5 12. Rg1 Kh8 13. Be3 f5 14. f3 c6 15. Nb3
fxe4 16. fxe4 Qd8 17. Nxc5 Nxc5 18. g5 cxd5 19. cxd5 Qb6 20. Qc2 a4 21. O-O-O
Nb3+ 22. axb3 Qxe3+ 23. Kb1 axb3 24. Qxb3 Qxh3 25. Rh1 Qd7 26. Rh4 Rf7 27. Rdh1
Bf8 28. Bg4 Qc7 29. Be6 Rg7 30. Nb5 Qe7 31. Qh3 Bxe6 32. dxe6 h5 33. gxh6 Rh7
34. Qg4 Re8 35. Qxg6 Qxe6 36. Rg1 Qxg6 37. Rxg6 Rd8 38. Nc3 Rf7 39. Nd5 Be7 40.
Rhg4 Rdf8 41. Rg1 Rf1+ 42. Rxf1 Rxf1+ 43. Ka2 Bh4 44. Rxd6 Rf7 45. Re6 Kh7 46.
Rxe5 Kxh6 47. Re8 Kg7 48. Kb3 Rf2 49. Rb8 Rf7 50. Kc4 Bg3 51. Re8 Bf2 52. e5
Rf8 53. Rxf8 Kxf8 54. e6 Ke8 55. Kb5 Kd8 56. b3 Bg1 57. Kc4 Bf2 58. Kd3 Bc5 59.
Ke4 Bf2 60. Kf5 Ke8 61. Ke4 Kd8 62. Kf5 1/2-1/2

[Event "4NCL 3 South pool B"]
[Site "Reading, ENG"]
[Date "2016.11.27"]
[Round "2.65"]
[White "Moore, Graham J"]
[Black "Deighton, Simon"]
[Result "1-0"]
[WhiteElo "2123"]
[BlackElo "2027"]
[PlyCount "137"]
[EventDate "2016.11.27"]
[WhiteTeam "Anglian Avengers 2"]
[BlackTeam "Leeds University Old Boys"]

1. e4 c5 2. Nf3 Nc6 3. Nc3 e5 4. Bc4 Be7 5. d3 d6 6. O-O Nf6 7. Ng5 O-O 8. f4
exf4 9. Bxf4 h6 10. Nf3 Be6 11. Nd5 Nb4 12. Nxb4 cxb4 13. Bxe6 fxe6 14. Qd2 d5
15. e5 Nh7 16. Be3 Qd7 17. c3 bxc3 18. bxc3 b5 19. Rfb1 a6 20. Rb2 Rfc8 21. Nd4
Bc5 22. Qf2 Nf8 23. Qg3 Kh7 24. h4 Bxd4 25. Bxd4 Ng6 26. h5 Ne7 27. Rf2 Kg8 28.
Raf1 Rf8 29. Bc5 Rxf2 30. Qxf2 Nc6 31. d4 Re8 32. Qf4 Nd8 33. Bf8 Nc6 34. g4
Nd8 35. Kg2 Qb7 36. g5 hxg5 37. Qf3 Qd7 38. h6 g6 39. Bg7 Kh7 40. Qd3 Nf7 41.
Rf6 Nh8 42. Kg3 Rg8 43. Qf3 Qc8 44. Bxh8 Kxh8 45. Kg4 a5 46. Kxg5 b4 47. cxb4
Qc1+ 48. Qf4 Qg1+ 49. Qg4 Qc1+ 50. Qf4 Qg1+ 51. Qg4 Qc1+ 52. Kh4 Qxh6+ 53. Kg3
Qe3+ 54. Rf3 Qe1+ 55. Kg2 axb4 56. Qxe6 Qd2+ 57. Kg3 Qe1+ 58. Kg2 Qd2+ 59. Kh3
Qh6+ 60. Kg3 Qg5+ 61. Qg4 Qxg4+ 62. Kxg4 Kg7 63. Rf6 Rc8 64. Kg5 Rc2 65. Rxg6+
Kf7 66. Rb6 Rc4 67. Kf5 b3 68. Rb7+ Ke8 69. Ke6 1-0

[Event "4NCL 3 South pool B"]
[Site "Reading, ENG"]
[Date "2016.11.27"]
[Round "2.66"]
[White "Clark, William G Bill"]
[Black "Gregory, Stephen J"]
[Result "0-1"]
[WhiteElo "1982"]
[BlackElo "2072"]
[PlyCount "138"]
[EventDate "2016.11.27"]
[WhiteTeam "Leeds University Old Boys"]
[BlackTeam "Anglian Avengers 2"]

1. e4 d5 2. exd5 Qxd5 3. Nc3 Qa5 4. Bc4 Nf6 5. d3 c6 6. Bd2 Nbd7 7. Qe2 Qc7 8.
f4 Nb6 9. Bb3 Nbd5 10. g3 e6 11. Ne4 Be7 12. Nf3 a5 13. a4 h6 14. O-O b6 15.
Rae1 Nxe4 16. Qxe4 O-O 17. Ne5 Bc5+ 18. d4 Nf6 19. Qe3 Bd6 20. h3 c5 21. c3
cxd4 22. cxd4 Bxe5 23. fxe5 Nd5 24. Qe4 Bb7 25. Rc1 Qd7 26. Qg4 Kh8 27. Rf2 f5
28. Qg6 Qf7 29. Qxf7 Rxf7 30. g4 g6 31. gxf5 gxf5 32. Kh2 Kh7 33. Rg1 Rg7 34.
Rxg7+ Kxg7 35. Rg2+ Kh7 36. Rg1 Rd8 37. Rc1 Rd7 38. Kg3 Rg7+ 39. Kf2 Rd7 40.
Bxd5 Bxd5 41. b4 axb4 42. Bxb4 Bb3 43. Bd6 Bxa4 44. Rc7 Kg6 45. Rxd7 Bxd7 46.
Kg3 Kh5 47. Be7 Bc6 48. h4 b5 49. Bf8 Bd5 50. Be7 Be4 51. Bf8 Kg6 52. Kf4 h5
53. Bb4 Kf7 54. Kg5 Bf3 55. d5 Bxd5 56. Kxh5 f4 57. Kg4 f3 58. Kg3 Kg6 59. Bc3
Kf5 60. Bb2 b4 61. Ba1 Ke4 62. Kf2 b3 63. Bb2 Kd3 64. h5 Be4 65. h6 Kc2 66. Bd4
b2 67. Bxb2 Kxb2 68. Ke3 Bh7 69. Kxf3 Kc3 0-1

[Event "4NCL 3 South pool B"]
[Site "Reading, ENG"]
[Date "2016.11.27"]
[Round "2.71"]
[White "Moloney, Nicholas R"]
[Black "Rutter, Nick J"]
[Result "1/2-1/2"]
[WhiteElo "2169"]
[BlackElo "2215"]
[PlyCount "106"]
[EventDate "2016.11.27"]
[WhiteTeam "Fermented Sharks"]
[BlackTeam "Shropshire 1"]

1. d4 d5 2. c4 e6 3. Nc3 c6 4. Nf3 Nf6 5. cxd5 exd5 6. Qc2 Bd6 7. Bg5 O-O 8. e3
h6 9. Bh4 Re8 10. Bd3 Nbd7 11. O-O Be7 12. Bg3 Bb4 13. Nd2 Bxc3 14. bxc3 c5 15.
c4 cxd4 16. exd4 Nf8 17. c5 Ne6 18. Nb3 Bd7 19. a4 Rc8 20. f3 Bc6 21. Be5 Nd7
22. Bd6 Qf6 23. Qf2 Nf4 24. Bxf4 Qxf4 25. Rae1 Rxe1 26. Qxe1 Nf8 27. Qd2 Qf6
28. Bb5 Ne6 29. Rd1 Re8 30. Re1 Rb8 31. Qb4 Rd8 32. Re5 Qg6 33. Qc3 Nf4 34. g3
Bxb5 35. axb5 Qb1+ 36. Qe1 Qxb3 37. Re8+ Rxe8 38. Qxe8+ Kh7 39. gxf4 Qd1+ 40.
Kg2 Qd2+ 41. Kg3 Qxd4 42. Qxf7 Qxc5 43. Qxb7 Qg1+ 44. Kh3 Qf1+ 45. Kg3 Qd3 46.
Qxa7 Qxb5 47. Qd4 Qc4 48. Qe5 Qd3 49. f5 Qd2 50. h4 Qd1 51. Qe6 Qg1+ 52. Kh3 d4
53. Qe4 Qh1+ 1/2-1/2